000
00149 a2200073 4500
020
_a
9780799316124
082
_a
AF HEIN
245
_a
Wraak van die adelaar
999
_c
793782
_d
793781
942
_w
440
_x
Cathrine Sibiya
_y
440
_z
Cathrine Sibiya